Englische Städte - Sudden Death - Statistiken

Allgemein
  • Dieses Quiz wurde 1.133 mal gespielt
  • Das Durchschnittsergebnis liegt bei 7 aus 16
Answers on the Grid
Answers color-coded by a green-red scale on the quiz's grid according to % correct below.
Aberdeen
Bakersfield
Birmingham
Blackpool
Bradford
Buffalo
Cardiff
Coventry
Derby
Dundee
Edinburgh
Exeter
Glasgow
Leeds
Leicester
Lexington
Livingston
London
Newcastle
Newport
Northampton
Orlando
Oxford
Reading
Richmond
Sunderland
Swansea
Wolverhampton
Wrexham
York
 
Antwortstatistiken
Antwort % Korrekt
Birmingham
82%
London
62%
Leicester
53%
Leeds
52%
Newcastle
52%
Oxford
50%
Blackpool
46%
York
38%
Derby
35%
Bradford
34%
Coventry
34%
Wolverhampton
33%
Reading
29%
Northampton
27%
Sunderland
27%
Exeter
25%
Keine übereinstimmenden Quizze gefunden
Verteilung der Resultate
Anzahl Personen mit jedem Resultat
Perzentil nach korrekt beantworteten Fragen
Ihre Resultats-Entwicklung
Sie haben dieses Quiz noch nicht gespielt